Plant biotechnology and tissue culture: principles and perspectives (Record no. 357886)

MARC details
000 -LEADER
fixed length control field 004220000a22001450004500
020 ## - INTERNATIONAL STANDARD BOOK NUMBER
International Standard Book Number 8185860289
082 ## - DEWEY DECIMAL CLASSIFICATION NUMBER
Classification number 581.87 ATU
100 ## - MAIN ENTRY--PERSONAL NAME
Personal name Atul Kumar
-- Vandana Kumar A
245 ## - TITLE STATEMENT
Title Plant biotechnology and tissue culture: principles and perspectives
260 ## - PUBLICATION, DISTRIBUTION, ETC. (IMPRINT)
Place of publication, distribution, etc. Lucknow, International Book Distributing co
260 ## - PUBLICATION, DISTRIBUTION, ETC. (IMPRINT)
Date of publication, distribution, etc. 1996
300 ## - PHYSICAL DESCRIPTION
Extent 298
650 ## - SUBJECT ADDED ENTRY--TOPICAL TERM
Topical term or geographic name as entry element Plant biotechnology/plant cell/tissue culture
942 ## - ADDED ENTRY ELEMENTS (KOHA)
Koha item type Books (General)
Holdings
Withdrawn status Lost status Damaged status Not for loan Collection code Home library Current library Shelving location Date acquired Total Checkouts Full call number Barcode Date last seen Price effective from Koha item type
        Reference Book College of Agriculture, Vellayani College of Agriculture, Vellayani Reference 02/05/2014   581.87 ATU KAU_COAV-25556 03/09/2025 02/05/2014 Reference Book
Kerala Agricultural University Central Library
Thrissur-(Dt.), Kerala Pin:- 680656, India
Ph : (+91)(487) 2372219
E-mail: librarian@kau.in
Website: http://library.kau.in/